000
00467nam a2200181Ia 4500
008
090123s9999 xx 000 0 und d
082
_b
7564
100
_a
माळवदे रमण
245
_a
दालन
250
_a
1
260
_b
प्रिया प्रकाशन
300
_a
160
600
_a
माळवदे रमण
630
_a
दालन
700
_a
माळवदे रमण
730
_a
दालन
942
_c
BOOK
999
_c
45630
_d
45630